|
|
|
|
| LEADER |
00000nam0a2200000 4500 |
| 001 |
337631 |
| 005 |
20231102004953.0 |
| 035 |
|
|
|a (RuTPU)RU\TPU\book\364119
|
| 090 |
|
|
|a 337631
|
| 100 |
|
|
|a 20171109d1931 k y0rusy50 ca
|
| 101 |
0 |
|
|a rus
|a eng
|
| 102 |
|
|
|a RU
|
| 105 |
|
|
|a a z 001zy
|
| 200 |
1 |
|
|a Материалы к познанию Кайнозойской истории Зайсанского края
|f В. П. Нехорошев
|g СССР, Главное геологоразведочное управление (ГГРУ) ; Институт геологической карты
|
| 210 |
|
|
|a Москва
|a Ленинград
|c Геологическое изд-во
|d 1931
|
| 215 |
|
|
|a 70 с.
|c ил.
|e 3 таблицы
|
| 225 |
1 |
|
|a Труды Главного геолого-разведочного управления ВСНХ СССР
|v Вып. 66
|
| 320 |
|
|
|a Библиогр.: с. 63-64
|
| 606 |
1 |
|
|a Кайнозойские отложения
|2 stltpush
|3 (RuTPU)RU\TPU\subj\13479
|9 40082
|
| 610 |
1 |
|
|a Восточный Казахстан
|
| 610 |
1 |
|
|a Зайсанский район
|
| 610 |
1 |
|
|a орография
|
| 610 |
1 |
|
|a геологическое строение
|
| 610 |
1 |
|
|a третичные отложения
|
| 610 |
1 |
|
|a четвертичные отложения
|
| 610 |
1 |
|
|a тектоника
|
| 610 |
1 |
|
|a физико-географические условия
|
| 610 |
1 |
|
|a барханные пески
|
| 610 |
1 |
|
|a соленосность
|
| 610 |
1 |
|
|a полезные ископаемые
|
| 610 |
1 |
|
|a библиотека М. А. Усова
|
| 675 |
|
|
|a 551.77
|v 4
|
| 700 |
|
1 |
|a Нехорошев
|b В. П.
|g Василий Петрович
|
| 712 |
0 |
1 |
|a СССР
|b Главное геологоразведочное управление (ГГРУ)
|c (1928-1931)
|2 stltpush
|3 (RuTPU)RU\TPU\col\18482
|
| 712 |
0 |
2 |
|a Институт геологической карты
|2 stltpush
|3 (RuTPU)RU\TPU\col\23342
|
| 801 |
|
1 |
|a RU
|b 63413507
|c 20171109
|
| 801 |
|
2 |
|a RU
|b 63413507
|c 20180201
|g RCR
|
| 942 |
|
|
|c BK
|